[Event "11th Chennai Open-GM 2019"]
[Site "Chennai"]
[Date "2019.01.20"]
[Round "4"]
[White "Senthil Maran K"]
[Black "Lugovskoy, Maxim"]
[Result "0-1"]
[WhiteElo "2183"]
[BlackElo "2445"]
[Annotator "TA"]
[PlyCount "112"]
[EventDate "2019.01.18"]
[EventType "swiss"]
[EventCountry "IND"]
[SourceTitle "playchess.com"]
[Source "ChessBase"]
[SourceQuality "1"]

{[%evp 9,112,16,22,-3,-13,-24,-12,-33,-20,-34,-29,-44,-57,-51,-8,-6,38,14,10,0,37,0,0,7,0,-99,-110,-124,-118,-175,-177,-168,-160,-162,-158,-129,-59,-75,-65,-59,-28,-91,-12,-17,0,-4,0,-37,181,-158,-35,-85,-94,-218,0,0,0,-32,10,29,208,31,277,0,0,-22,-10,-17,79,59,358,29,70,69,76,-105,-109,-153,-145,-483,-204,-779,-436,-843,-800,-29989,-29990,-29993,-758,-1270,-1406,-1236,-1297,-1147,-1115,-930,-862,-774,-748,-1407,-733,-935,-733,-733,-733]} 1. Nf3 d5 2. g3 Nc6 3. d4 Bg4 4. Bg2 Qd7 5. h3 Bh5 6. g4 {D02: 1 d4 d5 2 Nf3 sidelines, including 2...Nf6 3 g3 and 2...Nf6 3 Bf4} Bg6 7. Nh4 e6 8. O-O $146 {The position is equal.} ({Predecessor:} 8. Nxg6 hxg6 9. c3 Nf6 10. Be3 Bd6 11. Nd2 O-O-O 12. Qa4 Kb8 13. O-O-O Qe8 {0-1 (127) Franco Ocampos,Z (2500)-Sowray,P (2325) Wijk aan Zee 1983}) 8... Nf6 9. Nxg6 hxg6 10. c4 dxc4 11. e3 Bd6 12. Nd2 e5 13. d5 Na5 14. Qc2 b5 15. a4 a6 16. axb5 axb5 17. Qc3 (17. Nxc4 $11 bxc4 18. Bd2) 17... O-O $1 $17 18. g5 Nh7 (18... b4 19. Qc2 $15) 19. f4 (19. Rxa5 $17 {was necessary.} b4 20. Qc2 Rxa5 21. Nxc4) 19... exf4 $19 20. exf4 Nb7 21. Rxa8 Rxa8 22. b3 Bc5+ (22... Nc5 $17 {...Nd3 is the strong threat.} 23. bxc4 Ra2) 23. Kh2 Nd6 $1 24. bxc4 b4 25. Qf3 (25. Qd3 $11) 25... Re8 (25... Nf5 $17 26. Qd3 Nh4) 26. Nb3 $11 Ba7 $1 27. Qd3 $132 {[%mdl 2048] White is not holding back} Nf5 28. Bd2 Qd6 $2 {[#]} (28... c6 $15 {keeps the upper hand.}) 29. Kh1 $2 ({Only move:} 29. c5 $1 $18 {[%cal Rc5d6][%mdl 512]} Qe7 (29... Bxc5 30. Qb5) 30. Re1 (30. Bxb4 Rb8 $16)) 29... c5 (29... Nf8 $17 30. Kh2 Nd7) 30. Kg1 Bb8 31. Be4 {[#]} (31. Kf2 $17) 31... Nh4 $2 (31... Nxg5 $1 $19 {[%mdl 512]} 32. Bxf5 (32. fxg5 Qh2#) 32... gxf5 33. Qxf5 Ne4) 32. Rf2 Qe7 33. Bf3 f6 {[%cal Rf6g5]} 34. Bg4 {Hoping for Re2.} Qd8 $2 (34... Qd6 $11 {and Black is okay.}) 35. Re2 $2 (35. Nxc5 $18 f5 36. Bd1 (36. Bxb4 fxg4 37. hxg4 Qb6 $15)) 35... Rf8 $2 (35... Rxe2 $14 36. Qxe2 (36. Bxe2 fxg5 37. Bg4 gxf4 $17) 36... fxg5) 36. Be1 $2 (36. Nxc5 $18 Qb6 37. Be3) 36... fxg5 37. Bxh4 gxh4 38. Qxg6 Bxf4 (38... Qf6 $11 {keeps the balance.} 39. Be6+ Kh8 40. Qxf6 Nxf6) 39. Nxc5 $16 {Strongly threatening Ne6.} ({But not} 39. Be6+ Kh8 $15) 39... Qa5 $2 {[%mdl 8192]} (39... Qc7 $1 $14 40. Ne4 Ng5) 40. Nb3 $2 (40. Nd7 $18 Qa3 41. Nxf8 Nxf8 42. Be6+ Kh8 43. Qh5+ Bh6 44. Qxh4) 40... Qa7+ 41. c5 {aiming for Re8.} Nf6 {[#]} 42. d6 $2 (42. Bf5 $1 $16 {and life is bright.}) 42... Bxd6 $1 $17 43. Be6+ Kh8 44. Re4 $2 {[%mdl 8192] [#]} (44. Qf5 $17) 44... Bg3 ({Not} 44... Bxc5+ 45. Kh1 $19) (44... Bh2+ $142 $1 {[%mdl 512]} 45. Kxh2 Qa2+ 46. Qg2 Qxg2+ 47. Kxg2 Nxe4) 45. Rg4 $2 (45. Re2) 45... Qe7 46. Rg5 (46. Qg5 $142 Qb7 47. Nd4 Bf2+ 48. Kh2 Nxg4+ 49. Qxg4) 46... Bf4 $19 47. Rg4 Nxg4 48. Qxg4 Qg5 (48... Be3+ $142 49. Kh1 Qb7+ 50. c6 Qxc6+ 51. Bd5 Qxd5+ {[%mdl 64] Double Attack} 52. Kh2 Rf2+ 53. Kg1 Re2+ 54. Kf1 Qd1#) 49. Qxg5 {Black is clearly winning.} Bxg5 {[%mdl 4096] Endgame KRB-KBN} 50. c6 Be3+ 51. Kh1 Rf1+ 52. Kg2 Rf2+ 53. Kh1 Rc2 54. Na5 Bf4 55. Bd7 Rc3 {White must now prevent ...Bc7.} 56. Be6 Rc5 {Accuracy: White = 21%, Black = 29%.} 0-1

[Event "11th Chennai Open-GM 2019"]
[Site "Chennai"]
[Date "2019.01.20"]
[Round "4"]
[White "Varshini, V."]
[Black "Czebe, Attila"]
[Result "0-1"]
[WhiteElo "2171"]
[BlackElo "2418"]
[Annotator "ChessBase"]
[PlyCount "125"]
[EventDate "2019.01.18"]
[EventType "swiss"]
[EventCountry "IND"]
[SourceTitle "playchess.com"]
[Source "ChessBase"]
[SourceQuality "1"]
[TimeControl "5400+30"]

1. e4 {[%emt 0:00:00]} c5 {[%emt 0:02:44]} 2. Nc3 {[%emt 0:00:46]} a6 {[%emt 0:00:26]} 3. a4 {[%emt 0:02:33]} Nc6 {[%emt 0:01:11]} 4. Nge2 {[%emt 0:00:55]} e6 {[%emt 0:05:07]} 5. d4 {[%emt 0:03:15]} cxd4 {[%emt 0:00:08]} 6. Nxd4 {[%emt 0:00:08]} Qc7 {[%emt 0:03:45]} 7. Be2 {[%emt 0:06:48]} Nf6 {[%emt 0:00:46]} 8. O-O {[%emt 0:01:19]} Bb4 {[%emt 0:00:41]} 9. Nxc6 {[%emt 0:06:19]} bxc6 {[%emt 0:03:28]} 10. Be3 {[%emt 0:11:46]} O-O {[%emt 0:00:46]} 11. Bf3 {[%emt 0:02:31]} Rb8 {[%emt 0:03:33]} 12. g3 {[%emt 0:04:13]} d5 {[%emt 0:00:29]} 13. exd5 {[%emt 0:05:29]} cxd5 {[%emt 0:00:39]} 14. a5 {[%emt 0:12:06]} Bc5 {[%emt 0:03:00]} 15. Bd4 {[%emt 0:09:06]} Bxd4 {[%emt 0:02:23]} 16. Qxd4 {[%emt 0:00:40]} e5 {[%emt 0:01:44]} 17. Nxd5 {[%emt 0:02:54]} Nxd5 {[%emt 0:00:07]} 18. Qxd5 {[%emt 0:00:03]} Rxb2 {[%emt 0:00:12]} 19. Qc6 {[%emt 0:25:15]} Qxc6 {[%emt 0:12:34]} 20. Bxc6 {[%emt 0:00:05]} Be6 {[%emt 0:00:07]} 21. Be4 {[%emt 0:01:30]} Bc4 {[%emt 0:01:23]} 22. Rfd1 {[%emt 0:02:32]} g6 {[%emt 0:01:56]} 23. Rd6 {[%emt 0:00:30]} Kg7 {[%emt 0:00:59]} 24. Bd3 {[%emt 0:00:41]} Bxd3 {[%emt 0:00:39]} 25. cxd3 {[%emt 0:00:05]} Ra8 {[%emt 0:00:03]} 26. d4 {[%emt 0:00:57]} e4 {[%emt 0:00:06]} 27. Rc1 {[%emt 0:00:30]} Ra2 {[%emt 0:00:17]} 28. Rd5 {[%emt 0:00:28]} Rb8 {[%emt 0:00:27]} 29. Re5 {[%emt 0:00:29]} Rbb2 {[%emt 0:00:07]} 30. Rf1 {[%emt 0:00:26]} f5 {[%emt 0:00:29]} 31. Kg2 {[%emt 0:00:35]} Rd2 {[%emt 0:01:19]} 32. g4 {[%emt 0:00:30]} Kf6 {[%emt 0:00:50]} 33. gxf5 {[%emt 0:00:21]} gxf5 {[%emt 0:00:27]} 34. Rc5 {[%emt 0:00:40]} Kg5 {[%emt 0:00:06]} 35. Kg3 {[%emt 0:00:32]} Ra3+ {[%emt 0:01:21]} 36. f3 {[%emt 0:00:24]} Rxd4 {[%emt 0:01:23]} 37. h4+ {[%emt 0:00:23]} Kf6 {[%emt 0:00:26]} 38. Rc6+ {[%emt 0:00:18]} Ke5 {[%emt 0:00:09]} 39. Rxa6 {[%emt 0:00:18]} Rdd3 {[%emt 0:00:38]} 40. Ra8 {[%emt 0:01:02]} Rxf3+ {[%emt 0:00:29]} 41. Rxf3 {[%emt 0:00:04]} Rxf3+ {[%emt 0:00:05]} 42. Kg2 {[%emt 0:00:03]} Kf4 {[%emt 0:00:30]} 43. a6 {[%emt 0:01:19]} Rg3+ {[%emt 0:00:07]} 44. Kf2 {[%emt 0:00:37]} e3+ {[%emt 0:02:56]} 45. Ke2 {[%emt 0:00:06]} Rg2+ {[%emt 0:00:15]} 46. Kd3 {[%emt 0:00:11]} Rd2+ {[%emt 0:01:40]} 47. Kc3 {[%emt 0:00:05]} Ra2 {[%emt 0:00:13]} 48. a7 {[%emt 0:01:38]} e2 {[%emt 0:02:22]} 49. Re8 {[%emt 0:00:04]} Rxa7 {[%emt 0:01:44]} 50. Rxe2 {[%emt 0:00:07]} Kg3 {[%emt 0:00:23]} 51. h5 {[%emt 0:00:28]} f4 {[%emt 0:00:10]} 52. Re8 {[%emt 0:00:17]} Ra5 {[%emt 0:01:27]} 53. h6 {[%emt 0:00:41]} Ra6 {[%emt 0:00:03]} 54. Rg8+ {[%emt 0:01:23]} Kf3 {[%emt 0:00:09]} 55. Kd2 {[%emt 0:00:24]} Rxh6 {[%emt 0:00:05]} 56. Ke1 {[%emt 0:00:11]} Rh1+ {[%emt 0:00:25]} 57. Kd2 {[%emt 0:00:03]} h5 {[%emt 0:00:11]} 58. Ra8 {[%emt 0:00:43]} h4 {[%emt 0:00:07]} 59. Ra3+ {[%emt 0:00:08]} Kf2 {[%emt 0:00:02]} 60. Ra2 {[%emt 0:00:29]} h3 {[%emt 0:00:10]} 61. Kd3+ {[%emt 0:00:13]} Kf3 {[%emt 0:00:04]} 62. Ra8 {[%emt 0:00:29]} h2 {[%emt 0:00:22]} 63. Kd4 0-1

[Event "11th Chennai Open-GM 2019"]
[Site "Chennai"]
[Date "2019.01.20"]
[Round "4"]
[White "Varshini, V."]
[Black "Czebe, Attila"]
[Result "*"]
[WhiteElo "2171"]
[BlackElo "2418"]
[Annotator "TA"]
[PlyCount "32"]
[EventDate "2019.01.18"]
[EventType "swiss"]
[EventCountry "IND"]
[SourceTitle "playchess.com"]
[Source "ChessBase"]
[SourceQuality "1"]

{[%evp 16,17,23,21]} 1. e4 c5 2. Nc3 a6 3. a4 Nc6 4. Nge2 {[%cal Bg1e2,Be2d4,Bd4c6][%mdl 32]} e6 5. d4 cxd4 6. Nxd4 Qc7 7. Be2 Nf6 8. O-O Bb4 9. Nxc6 {LiveBook: 13 Games. B47: Sicilian: Taimanov: 5 Nc3 Qc7 6 f4, 6 g3 and 6 Be2} (9. Qd3 O-O 10. Bg5 Bxc3 11. bxc3 Qe5 12. Bxf6 Qxf6 13. a5 e5 14. Nxc6 dxc6 15. Rfb1 Qe7 16. Qe3 Rd8 {½-½ (62) Adams,M (2704)-Macieja,B (2625) Rijeka 2010}) {Predecessor:} 9... dxc6 $146 10. Bd3 e5 11. f4 Ng4 12. Qf3 Qe7 13. g3 exf4 14. gxf4 Bc5+ 15. Kg2 O-O 16. h3 Nf6 {1-0 (31) Zelcic,R (2554)-Papp,T (2286) Oberwart 2012} *

[Event "11th Chennai Open-GM 2019"]
[Site "Chennai"]
[Date "2019.01.20"]
[Round "4"]
[White "Shashikant, Kutwal"]
[Black "Padmini, Rout"]
[Result "1/2-1/2"]
[WhiteElo "2151"]
[BlackElo "2365"]
[Annotator "TA"]
[PlyCount "98"]
[EventDate "2019.01.18"]
[EventType "swiss"]
[EventCountry "IND"]
[SourceTitle "playchess.com"]
[Source "ChessBase"]
[SourceQuality "1"]

{[%evp 22,98,18,-9,-11,-28,-14,-40,-22,-30,-27,-61,-57,-66,-60,-60,-55,-67,-64,-145,-152,-141,-134,-125,-69,-104,-37,-105,-105,-245,-246,-222,-95,-74,-79,-158,-37,-230,-248,-243,-234,-313,-207,-535,-431,-491,-467,-409,-6,-18,0,0,0,0,0,0,0,0,0,0,56,0,0,0,0,0,0,0,0,0,9,0,0,0,0,0,0,0,0]} 1. Nf3 Nf6 2. g3 g6 3. Bg2 Bg7 4. O-O O-O 5. d3 c5 6. Nbd2 Nc6 7. e4 d5 8. Re1 e6 9. c3 a5 10. a4 {A08: King's Indian Attack} b6 11. exd5 (11. Nb1 Ba6 12. e5 Nd7 13. Bf4 f6 14. exf6 Qxf6 15. Qd2 e5 16. Bg5 Qxf3 17. Bxf3 Rxf3 {1-0 (34) Amin,B (2661)-Grandelius,N (2641) Baku 2016}) 11... exd5 12. Nf1 {LiveBook: 14 Games} Ra7 13. Bf4 $146 ({Predecessor:} 13. h3 Ba6 14. d4 Ne4 15. Be3 Re8 16. N1d2 Rae7 17. dxc5 Nxc5 {1-0 (36) Abtini,H (2014)-Mukhin,A (2188) Al Ain 2013}) 13... d4 14. Ne5 (14. cxd4 {with more complications.} cxd4 15. Rc1 Nb4 16. Rc4 Bg4 17. h3) 14... Nxe5 15. Bxe5 Nd5 16. cxd4 cxd4 17. Bxg7 Kxg7 18. Nd2 Nb4 19. Nc4 Be6 20. Ne5 (20. Rc1 $15) 20... Rc7 $1 $17 21. Rc1 Rxc1 $1 22. Qxc1 Qd6 (22... Qf6 $1 $17 23. Bb7 Re8) 23. Qf4 Bb3 (23... Rd8 $1 $17 {Hoping for ...f6.} 24. Qd2 Bb3) 24. Re4 (24. g4 $1 $15) 24... Rd8 $1 25. Qh4 (25. Qd2 $17 {was worth a try.}) 25... f6 $1 $19 {[%cal Rf6e5]} 26. Nf3 {[%cal Re4d4] [#]} Nc6 ({Don't take} 26... Nxd3 27. Nxd4 Bf7 28. Bf1 $17) ({Not} 26... Bxa4 27. Rxd4 Qf8 28. Qf4 $11) (26... Bd5 $1 $19 {is more deadly.} 27. Rxd4 Qe7) 27. Nd2 $17 Bf7 28. Re2 (28. Re1 $142) 28... g5 (28... Nb4 $17 29. Nf3 g5) 29. Qe4 $2 (29. Qh3 $1 $15) 29... Re8 $19 30. Qf3 {[#]} Ne5 $1 {[%cal Re5f3]} 31. Qe4 Bg6 32. Nc4 $2 (32. Qb7+ Re7 33. Qd5) 32... Nxc4 33. Qb7+ Kf8 34. Rxe8+ Kxe8 $2 (34... Bxe8 $19 35. dxc4 d3) 35. Qc8+ $11 Ke7 36. Qxc4 Qc5 {And now ...Qxc4 would win.} 37. Qa6 $1 Be8 38. Qb7+ Bd7 39. Qe4+ Kd6 40. Qxh7 Bxa4 ({Black should try} 40... Bf5 $11 41. Qh8 Qc1+ 42. Bf1 Bxd3 43. Qd8+ (43. Qxf6+ Kc7 $17) 43... Ke5 44. Qe8+ Kd6 45. Qd8+ Ke5 46. Qe8+ Kd5 47. Qd7+ Ke5 48. Qe7+ Kd5 49. Qd7+ Ke5 50. Qe8+) 41. Be4 (41. Qh8 $1 $14) 41... Bd7 {The position is equal.} 42. Qh6 Ke6 43. h4 gxh4 $1 44. gxh4 a4 45. Qg6 b5 46. Qg8+ Ke7 $1 47. Qg7+ Ke6 48. Qg8+ Ke7 $1 49. Qg7+ Ke6 {Accuracy: White = 28%, Black = 45%.} 1/2-1/2

[Event "11th Chennai Open-GM 2019"]
[Site "Chennai"]
[Date "2019.01.20"]
[Round "4"]
[White "Shashikant, Kutwal"]
[Black "Padmini, Rout"]
[Result "*"]
[WhiteElo "2151"]
[BlackElo "2365"]
[Annotator "TA"]
[PlyCount "36"]
[EventDate "2019.01.18"]
[EventType "swiss"]
[EventCountry "IND"]
[SourceTitle "playchess.com"]
[Source "ChessBase"]
[SourceQuality "1"]

{[%evp 15,16,-30,-5]} 1. Nf3 Nf6 2. g3 g6 3. Bg2 Bg7 4. O-O O-O 5. d3 c5 6. Nbd2 Nc6 7. e4 d5 8. Re1 e6 {LiveBook: 221 Games} {Predecessor:} 9. c3 $146 b6 10. e5 Nd7 11. d4 a5 12. Nf1 a4 13. a3 Ba6 14. h4 Qc7 15. Bf4 Na5 16. Ne3 Nb3 17. Rb1 cxd4 18. cxd4 Rac8 {1-0 (54) Amin,B (2689)-Movsesian,S (2647) Riadh 2017} *

[Event "11th Chennai Open-GM 2019"]
[Site "Chennai"]
[Date "2019.01.21"]
[Round "5"]
[White "Predke, Alexandr"]
[Black "Elgabry, Mohsen"]
[Result "1-0"]
[WhiteElo "2620"]
[BlackElo "2245"]
[Annotator "TA"]
[PlyCount "95"]
[EventDate "2019.01.18"]
[EventType "swiss"]
[EventCountry "IND"]
[SourceTitle "playchess.com"]
[Source "ChessBase"]
[SourceQuality "1"]

{[%evp 34,95,132,123,145,152,175,167,163,163,279,220,275,268,266,262,274,276,270,271,259,253,270,264,341,272,285,235,250,250,245,236,305,298,301,303,295,266,299,303,304,303,290,285,947,986,983,967,1408,1294,2835,3129,29979,2655,29983,29984,29986,29987,29987,29988,29988,29989,29989,29990]} 1. e4 c5 2. Nc3 g6 3. Nf3 Bg7 4. d4 cxd4 5. Nxd4 Nc6 6. Be3 d6 7. Bc4 Bd7 8. f3 Nf6 9. Qd2 Ne5 10. Bb3 Rc8 11. O-O-O Nc4 12. Bxc4 Rxc4 13. Kb1 O-O 14. g4 {[%cal Bg2g4,Bg4g5][%mdl 32]} b5 15. b3 Rc8 16. Ndxb5 a6 {B78: Sicilian Dragon: Yugoslav Attack, 9 Bc4 Bd7 10 0-0-0 Rc8} 17. Nd4 Qc7 18. Nde2 {LiveBook: 12 Games} Bb5 {White is better.} ({Not} 18... Nxg4 $2 19. Nd5 $18) 19. g5 Ne8 $146 {[%cal Rg7c3]} ({Predecessor:} 19... Nd7 20. Nd5 Qd8 21. Nd4 e6 22. Nb4 Bxd4 23. Qxd4 a5 24. c4 axb4 25. cxb5 {1-0 (42) Szczepanski,Z (2423)-Gniazdowski,M (2286) ICCF email 2007}) 20. Nd5 Qb7 21. Bd4 e5 (21... Bxd4 $142 22. Nxd4 Bc4) 22. Bb2 Bc6 23. Nec3 f6 24. h4 {[%cal Bh2h4,Bh4g5][%mdl 32]} fxg5 25. hxg5 Rxf3 26. Qg2 ({Much less strong is} 26. Qh2 $6 Bf8 $18) 26... Rf7 27. Qh3 Bf8 28. Rdf1 {[#] And now Rxf7 would win.} Ra8 29. Bc1 ({Weaker is} 29. Qe6 Ra7 $16) 29... Qd7 {Threatens to win with ...Qxh3.} 30. Qxd7 Bxd7 31. Rxf7 Kxf7 32. Rxh7+ Bg7 33. Nb6 Rd8 34. Nxd7 Rxd7 35. Nd5 Nc7 36. c4 Ne6 37. Be3 Rd8 38. Kc2 Rh8 $2 {[#]} (38... a5 39. Rh2 Rf8) 39. Rxh8 $18 Bxh8 {[%mdl 4096] Endgame KBN-KBN} 40. b4 Bg7 41. b5 axb5 42. cxb5 {[%cal Bc4b5,Bb5b6][%mdl 32]} Ke8 43. a4 {[%cal Ba2a4,Ba4a5,Ba5a6][%mdl 32]} Kd7 44. a5 {White mates.} Nc7 45. Nxc7 Kxc7 46. a6 Bf8 47. b6+ Kb8 48. Kd3 {Precision: White = 95%, Black = 34%.} 1-0

[Event "11th Chennai Open-GM 2019"]
[Site "Chennai"]
[Date "2019.01.21"]
[Round "5"]
[White "Pantsulaia, Levan"]
[Black "Gokhale, Chandrashekhar"]
[Result "1-0"]
[WhiteElo "2597"]
[BlackElo "2198"]
[Annotator "RC"]
[PlyCount "89"]
[EventDate "2019.01.18"]
[EventType "swiss"]
[EventCountry "IND"]
[SourceTitle "playchess.com"]
[Source "ChessBase"]
[SourceQuality "1"]
[TimeControl "5400+30"]

1. c4 {[%emt 0:08:11]} d6 {[%emt 0:00:19]} 2. Nc3 {[%emt 0:00:18]} Nf6 {[%emt 0:00:48]} 3. g3 {[%emt 0:01:06]} e5 {[%emt 0:02:21]} 4. Nf3 {[%emt 0:00:30]} Be7 {[%emt 0:03:13]} 5. d4 {[%emt 0:01:00]} Nbd7 {[%emt 0:00:20]} 6. Bg2 {[%emt 0:00:09]} O-O {[%emt 0:00:14]} 7. O-O {[%emt 0:00:06]} c6 {[%emt 0:00:37]} 8. Qd3 {[%emt 0:06:47]} Qc7 {[%emt 0:02:08]} 9. b3 {[%emt 0:00:46]} Re8 {[%emt 0:00:56]} 10. Bb2 {[%emt 0:01:43]} Bf8 {[%emt 0:01:03]} 11. Nd2 {[%emt 0:00:38]} a5 {[%emt 0:07:15]} 12. e3 {[%emt 0:01:17]} Nb6 {[%emt 0:08:57]} 13. Rac1 {[%emt 0:04:07]} a4 {[%emt 0:13:06]} 14. b4 {[%emt 0:01:09]} a3 {[%emt 0:02:04]} 15. Ba1 {[%emt 0:00:12]} exd4 {[%emt 0:02:53]} 16. Qxd4 {[%emt 0:01:53]} Na4 {[%emt 0:09:39]} 17. Nxa4 {[%emt 0:08:22]} Rxa4 {[%emt 0:00:08]} 18. Qc3 {[%emt 0:00:05]} Qe7 {[%emt 0:03:50]} 19. Qb3 {[%emt 0:01:22]} Ra8 {[%emt 0:00:33]} 20. b5 {[%emt 0:00:20]} Bd7 {[%emt 0:02:05]} 21. Rfd1 {[%emt 0:05:06]} Qe6 {[%emt 0:14:50]} 22. Qb1 {[%emt 0:12:35]} Ng4 {[%emt 0:03:25]} 23. Rc3 {[%emt 0:02:39]} Qh6 {[%emt 0:03:13]} 24. h3 {[%emt 0:01:11]} Nf6 {[%emt 0:03:27]} 25. g4 {[%emt 0:00:19]} Qg6 {[%emt 0:03:27]} 26. bxc6 {[%emt 0:00:55]} Bxc6 {[%emt 0:00:27]} 27. Rb3 {[%emt 0:01:55]} Ba4 {[%emt 0:03:47]} 28. Rxb7 {[%emt 0:03:38]} Bxd1 {[%emt 0:00:09]} 29. Qxd1 {[%emt 0:00:04]} Rab8 {[%emt 0:00:29]} 30. Ra7 {[%emt 0:02:48]} h5 {[%emt 0:01:19]} 31. gxh5 {[%emt 0:01:08]} Qg5 {[%emt 0:00:33]} 32. Rxa3 {[%emt 0:02:46]} Nd7 {[%emt 0:02:00]} 33. Ra7 {[%emt 0:05:38]} Rxe3 {[%emt 0:01:38]} 34. Rxd7 {[%emt 0:04:29]} Rd3 {[%emt 0:00:08]} 35. Bc3 {[%emt 0:00:05]} Rxc3 {[%emt 0:00:38]} 36. Ne4 {[%emt 0:00:04]} Qf5 {[%emt 0:01:22]} 37. Rxf7 {[%emt 0:00:49]} Qxf7 {[%emt 0:00:48]} 38. Nxc3 {[%emt 0:00:06]} Kh8 {[%emt 0:00:04]} 39. Bd5 {[%emt 0:02:07]} Qf4 {[%emt 0:00:23]} 40. Ne4 {[%emt 0:00:29]} Be7 {[%emt 0:00:36]} 41. a4 {[%emt 0:02:20]} Bf6 {[%emt 0:00:43]} 42. Qg4 {[%emt 0:00:26]} Qc1+ {[%emt 0:00:53]} 43. Kg2 {[%emt 0:00:09]} Be5 {[%emt 0:02:09]} 44. Ng5 {[%emt 0:00:21]} Qf4 {[%emt 0:00:23]} 45. Nf7+ {[%emt 0:00:08]} 1-0

[Event "11th Chennai Open-GM 2019"]
[Site "Chennai"]
[Date "2019.01.21"]
[Round "5"]
[White "Popov, Ivan"]
[Black "Girish, A. Koushik"]
[Result "1/2-1/2"]
[WhiteElo "2588"]
[BlackElo "2411"]
[Annotator "TA"]
[PlyCount "60"]
[EventDate "2019.01.18"]
[EventType "swiss"]
[EventCountry "IND"]
[SourceTitle "playchess.com"]
[Source "ChessBase"]
[SourceQuality "1"]

{[%evp 15,60,2,12,-2,0,-11,0,-11,0,-2,53,51,41,45,60,46,61,45,133,116,106,80,123,117,100,0,54,58,61,54,50,48,50,58,56,19,41,0,54,32,40,0,0,0,0,-12,-12]} 1. e4 e5 2. Nf3 Nc6 3. Bb5 a6 4. Ba4 Nf6 5. O-O Be7 6. Bxc6 dxc6 7. d3 Nd7 {[%cal Bf6d7,Bd7f8,Bf8e6,Be6d4][%mdl 32]} 8. Nc3 {C85: Closed Ruy Lopez: Deferred Exchange Variation} O-O {LiveBook: 16 Games} 9. Be3 Re8 10. Kh1 Bf6 $146 ({Predecessor:} 10... Bd6 11. Nd2 Nf8 12. f4 exf4 13. Bxf4 Ng6 14. Be3 Qh4 15. Bg1 Bg4 {1-0 (65) McShane,L (2664)-Adams,M (2703) London 2018}) 11. h3 Nf8 12. Nh2 g6 (12... Ng6 $11) 13. f4 exf4 $1 14. Bxf4 Ne6 15. Bh6 Nd4 16. Qd2 Bg7 (16... Be5 $14) 17. Bxg7 $16 Kxg7 18. Rf4 Ne6 {[#]} 19. Rf3 $1 Nd4 20. Rf4 Ne6 $1 {[%cal Re6f4]} 21. Rf2 Qg5 22. Qxg5 Nxg5 23. Raf1 {Strongly threatening h4.} Re7 24. h4 Ne6 25. Ne2 c5 {[%cal Bc6c5,Bc5c4][%mdl 32]} 26. g4 h6 ({Black should try} 26... b5 $11) 27. Kg2 b5 28. Kg3 Bb7 {The position is equal.} 29. Nf4 Nxf4 30. Rxf4 c4 {Precision: White = 50%, Black = 36%.} 1/2-1/2

[Event "11th Chennai Open-GM 2019"]
[Site "Chennai"]
[Date "2019.01.21"]
[Round "5"]
[White "Aleksandrov, Aleksej"]
[Black "Saravanan, V.."]
[Result "1-0"]
[WhiteElo "2582"]
[BlackElo "2318"]
[Annotator "TA"]
[PlyCount "91"]
[EventDate "2019.01.18"]
[EventType "swiss"]
[EventCountry "IND"]
[SourceTitle "playchess.com"]
[Source "ChessBase"]
[SourceQuality "1"]

{[%evp 19,91,46,51,-4,45,27,25,17,45,45,50,46,61,62,63,53,71,76,66,23,25,15,49,54,47,45,66,0,0,-45,-42,-91,-90,-88,-95,-64,-25,-39,12,18,10,19,19,21,11,15,45,45,45,45,53,53,53,53,64,54,45,16,39,8,190,190,190,190,190,190,405,404,398,398,29978,29979,29973,29974]} 1. d4 Nf6 2. c4 g6 3. Nc3 Bg7 4. e4 d6 5. h3 O-O 6. Be3 Na6 7. Nf3 c6 {E90: King's Indian: Classical: Early deviations and 6 h3} 8. Be2 e5 9. d5 cxd5 10. cxd5 Nh5 {LiveBook: 8 Games} 11. a3 $146 ({Better is} 11. O-O $14) ({Predecessor:} 11. O-O Nf4 12. Bc4 f5 13. Re1 g5 14. Nh2 fxe4 15. Nxe4 {½-½ (65) Jakovenko,D (2704)-Kozul,Z (2613) Doha 2016}) 11... Bd7 12. Nd2 Nf4 13. Bf1 f5 14. g3 Ng2+ 15. Bxg2 {aiming for Nf3.} f4 16. Qe2 fxe3 17. Qxe3 h5 18. h4 Rc8 19. Bf1 (19. Qxa7 $2 Nc5 $19) 19... Kh7 20. Nf3 (20. Qxa7 $2 Nc5 $19) 20... Nc5 {Black wants to play ...Bh6.} 21. Ng5+ Kg8 22. Rb1 {Threatens to win with b4.} Bh6 23. Be2 (23. Bg2 $14) 23... Nb3 $11 24. O-O (24. Qxa7 $2 Bxg5 25. hxg5 Nc5 $19) 24... Bh3 25. Rfd1 Nd4 26. f4 Bxg5 27. hxg5 Qb6 (27... exf4 {is interesting.} 28. Qxd4 Qxg5 29. Bf1 Qxg3+ 30. Kh1 Qh4) 28. Kh2 Nxe2 ({Black should play} 28... Bd7 $15 29. Rf1 h4) 29. Qxb6 axb6 30. Kxh3 Nxc3 31. bxc3 {Black must now prevent fxe5.} exf4 $15 {[%mdl 4096] Endgame KRR-KRR} 32. Rd3 Rc4 33. Rxb6 f3 $1 {[%cal Rf3f2] ...f2 is the strong threat.} 34. Rd1 ({Not} 34. Rxd6 $2 f2 $19) 34... Rxe4 35. Rxd6 Kg7 36. Rd7+ Kg8 $1 37. Rxb7 Re3 38. Rb6 Kg7 39. Rf6 Rxc3 $2 {[#]} (39... Rxf6 $11 40. gxf6+ Kxf6) 40. d6 $1 $18 {[%mdl 512] White threatens Rxf8 and mate.} Rd8 41. Re1 Rd3 {[#]} 42. Ree6 $1 f2 $2 (42... Kh8 43. a4 (43. Rxg6 Rxa3 44. Rh6+ Kg8 $18) 43... Rd1) 43. Kg2 f1=Q+ 44. Kxf1 Rxg3 $2 (44... Rd7 $18 45. Rxg6+ Kh7) 45. Re7+ Kh8 46. d7 {Precision: White = 58%, Black = 42%.} 1-0